Statystyki dla Jakie produkty sprzedają się najlepiej?

Kliknij tutaj aby rozwiązać quiz!

Ogólne statystyki

  • Ten quiz został rozwiązany 7 razy
  • Średni wynik to 2 z 6

Statystyki odpowiedzi

HintOdpowiedź% Poprawnych
1.Odzież
80%
2.Obuwie
60%
3.Kosmetyki
40%
6.AGD i RTV
0%
5.Filmy
0%
4.Książki
0%

Rozkład punktacji

Percentyl według liczby udzielonych odpowiedzi

Procent ludzi z każdym wynikiem

Twoja historia wyników

Nie rozwiązałeś tego quizu